Statistics for Marvel Character by Quote

Click here to take the quiz!

General Stats

  • This quiz has been taken 72 times
  • The average score is 10 of 15

Answer Stats

HintAnswer% Correct
"That's my secret, I'm always mad."Bruce Banner/Hulk
98%
"I am Groot"(should be obvious)Groot
98%
"Why is Gamora?"Drax
92%
"I am inevitable"Thanos
91%
"I am Iron Man."(Guy under the armor)Tony Stark
91%
"Dormammu, I've come to bargain"Doctor Strange.
86%
"He's a friend from work!"Thor
83%
"I'm Mary Poppins y'all!"Yondu
77%
"Does anybody have any orange slices?"Ant-man/Scott Lang
74%
"Were just like Kevin Bacon."Star-lord/Peter Quill
72%
"What are thoooooose?"Shuri
65%
"Baskin-Robbins always finds out, dude"Luis
26%
"Dying is like my Superpower"Coulson
6%
"I'm the guy who kills Gordon"Mack
2%
"The Steps you take don't have to be big, they just have to take you in the right Direction.Simmons
2%

Score Distribution

Percentile by Number Answered

Percent of People with Each Score

Your Score History

You have not taken this quiz